Selected bibliography in technical subjects, (Record no. 21314)

MARC details
000 -LEADER
fixed length control field 00949cam a22002411 4500
001 - CONTROL NUMBER
control field e 33000750
003 - CONTROL NUMBER IDENTIFIER
control field DLC
005 - DATE AND TIME OF LATEST TRANSACTION
control field 20260227111223.0
008 - FIXED-LENGTH DATA ELEMENTS--GENERAL INFORMATION
fixed length control field 820129s1933 nyu b 000 0 eng c
010 ## - LIBRARY OF CONGRESS CONTROL NUMBER
LC control number e 33000750
035 ## - SYSTEM CONTROL NUMBER
System control number (OCoLC)8107295
040 ## - CATALOGING SOURCE
Original cataloging agency Library, U.S. Office of Education
Transcribing agency Vi
Modifying agency Vi
-- DLC
042 ## - AUTHENTICATION CODE
Authentication code premarc
050 00 - LIBRARY OF CONGRESS CALL NUMBER
Classification number Z7911
Item number .F33
100 1# - MAIN ENTRY--PERSONAL NAME
Personal name Fenninger, William Norman,
Dates associated with a name 1889-
245 10 - TITLE STATEMENT
Title Selected bibliography in technical subjects,
Statement of responsibility, etc. by W.N. Fenninger ...
260 ## - PUBLICATION, DISTRIBUTION, ETC.
Place of publication, distribution, etc. Albany,
Name of publisher, distributor, etc. University of the State of New York Press,
Date of publication, distribution, etc. 1933.
300 ## - PHYSICAL DESCRIPTION
Extent 23 p.
Dimensions 23 cm.
500 ## - GENERAL NOTE
General note At head of title: The University of the State of New York. The State Education Department.
500 ## - GENERAL NOTE
General note "Prepared to assist teachers who are teaching the topics covered in 'Syllabus in technical subjects' printed in 1931."--Foreword.
650 #0 - SUBJECT ADDED ENTRY--TOPICAL TERM
Topical term or geographic name entry element Technical education
Form subdivision Bibliography.
710 2# - ADDED ENTRY--CORPORATE NAME
Corporate name or jurisdiction name as entry element University of the State of New York.

No items available.

Powered by Koha